1885 1901 1673 1699 1837 1537 1385 1863 1037 1408 1549 1597 1507 1653 1085 1148 1093 1340 1934 1931 1800 1701 1781 1007 1225 1664 1019 1978 1359 1251 1950 1414 1449 1809 1793 1153 1207 1777 1417 1808 1200 1416 1732 1747 1024 1536 1398 1015 1704 1230 1565 1089 1237 1761 1651 1296 1039 1070 1106 1862 1815 1103 1347 1060 1945 1548 1675 1281 1503 1566 1611 1004 1575 1421 1893 1812 1681 1921 1035 1080 1272 1488 1266 1859 1811 1924 1287 1071 1003 1544 1777 1604 1272 1487 1506 1287 1196 1726 1544 BCNSPRNW ULIB Ver.6.0+V

เปลี่ยนเป็นภาษาไทย

Change to English
 แสดงรายละเอียดบรรณานุกรม
  กลับหน้าหลัก

Brief Record : Get Marc (ISO 2709) : E-mail record : QR code < ปิดหน้าต่าง
LEADER : 00000nam 2200000uu 4500
001    13399120574
003     ULIB
008    120927s2549||||th 000 0 tha d
020    ^a9745068713(ล.2)
020    ^a9789745068711(ล.2)
060 04 ^aWY100^bอ253ค ล2
100 0  ^aอภิญญา เพียรพิจารณ์
245 10 ^aคู่มือปฏิบัติการพยาบาล ^nเล่ม 2 /^cอภิญญา เพียรพิจารณ์
250    ^aพิมพ์ครั้งที่ 1
260    ^aนนทบุรี :^bโครงการสวัสดิการวิชาการ สถาบันพระบรมราชชนก,^c2549
300    ^a291 หน้า :^bภาพประกอบ
504    ^aมีบรรณานุกรมและดัชนี
650  7 ^aการพยาบาล^vคู่มือ
710 2  ^aสถาบันพระบรมราชชนก. ^bโครงการสวัสดิการวิชาการ
945    ^p270^l0^i24705
995    ^aวิภา
999    ^aทศพร เกษรทอง
รายการนี้ยังไม่มีแท็ก
คุณยังไม่ได้ล็อกอิน คุณสามารถมีกิจกรรมร่วมกับเว็บไซต์ได้ แต่ต้องล็อกอินก่อน ::
  ล็อกอิน

รายการสื่อสารสนเทศ

ลำดับที่ ประเภท เลขเรียก/บาร์โค้ด สถานที่ สถานะ
1. วิทยาศาสตร์การแพทย์ และสุขภาพ
วิทยาศาสตร์การแพทย์ และสุขภาพ
WY100 อ253ค ล2  
  Barcode: 24705
ห้องสมุดวิทยาเขตสวรรค์ประชารักษ์
►หนังสือทั่วไป
บนชั้น

รายการใกล้เคียง
    ผู้แต่ง [อภิญญา เพียรพิจารณ์]

BibComment


ยังไม่เคยถูกคอมเมนท์

คอมเมนท์ทรัพยากรรายการนี้
  คอมเมนท์: คู่มือปฏิบัติการ..


 Copyright 2026. Bcnsprnw @Library